[Event "CRO-chT2 Center 22nd"]
[Site "Sisak"]
[Date "2013.10.20"]
[Round "11.4"]
[White "Keglevic, Pavao"]
[Black "RoIac, Marijan"]
[Result "1-0"]
[WhiteElo "2194"]
[BlackElo "2056"]
[PlyCount "26"]
[EventDate "2013.04.14"]
[EventType "team-tourn"]
[EventRounds "11"]
[EventCountry "CRO"]
[SourceTitle "EXT 2016"]
[Source "ChessBase"]
[SourceDate "2015.10.08"]
[SourceVersion "1"]
[SourceVersionDate "2015.10.08"]
[SourceQuality "1"]

1. c4 g6 2. d4 Bg7 3. e4 d6 4. Nc3 Nc6 5. Be3 e5 6. Nge2 f5 7. f3 Nf6 8. dxe5 Nxe5 9. Ng3 fxe4 10. Ngxe4 Nxe4 11. Nxe4 Be6 12. Rc1 Qd7 13. Be2 Qa4 1-0